New official statistics show rise in Scotland's house prices (Record no. 82168)

MARC details
000 -LEADER
fixed length control field 00952cad a22002055a 4500
001 - CONTROL NUMBER
control field E149419
008 - FIXED-LENGTH DATA ELEMENTS--GENERAL INFORMATION
fixed length control field 100304e20100205xxk 000 0 eng d
035 ## - SYSTEM CONTROL NUMBER
System control number (Sirsi) u149419
041 0# - LANGUAGE CODE
Language code of text/sound track or separate title eng
110 2# - MAIN ENTRY--CORPORATE NAME
Corporate name or jurisdiction name as entry element Registers of Scotland
9 (RLIN) 5601
245 00 - TITLE STATEMENT
Title New official statistics show rise in Scotland's house prices
Medium [electronic resource]
260 ## - PUBLICATION, DISTRIBUTION, ETC.
Date of publication, distribution, etc. 2010
490 ## - SERIES STATEMENT
Series statement Registers of Scotland News Release
Volume/sequential designation 5 February 2010
520 ## - SUMMARY, ETC.
Summary, etc. Reports that sales transactions in Scotland for Q4 2009 increased by 11.7% when compared to Q4 2008. The average price for a residential property in Scotland also rose in Q4 2009 to £155 618, compared to £153 623 in Q4 2008, an increase of 1.3%.
590 ## - LOCAL NOTE (RLIN)
Local note KA
651 #4 - SUBJECT ADDED ENTRY--GEOGRAPHIC NAME
Geographic name Scotland
Chronological subdivision 1999-
690 ## - LOCAL SUBJECT ADDED ENTRY--TOPICAL TERM (OCLC, RLIN)
Topical term or geographic name as entry element PROPERTY-RESIDENTIAL PROPERTY-RESIDENTIAL PROPERTY MARKET
856 40 - ELECTRONIC LOCATION AND ACCESS
Uniform Resource Identifier <a href="https://www.ros.gov.uk/public/news/2010/5_feb_2010.html">https://www.ros.gov.uk/public/news/2010/5_feb_2010.html</a>
Public note View the press release free of charge at www.ros.gov.uk...
942 ## - ADDED ENTRY ELEMENTS (KOHA)
Suppress in OPAC 0
Holdings
Withdrawn status Lost status Source of classification or shelving scheme Damaged status Not for loan Home library Current library Shelving location Date acquired Total Checkouts Full call number Barcode Date last seen Copy number Price effective from Koha item type
    Dewey Decimal Classification     Virtual Virtual Online 04/03/2010   ONLINE PUBLICATION 149419-2001 06/08/2019 1 06/08/2019 Journal article